Land application of wastes

Αποθηκεύτηκε σε:
Λεπτομέρειες βιβλιογραφικής εγγραφής
Κύριος συγγραφέας: Loehr, Raymond C.
Μορφή: Βιβλίο
Γλώσσα:English
Δημοσίευση: New York : Van Nostrand Reinhold , 1979
Σειρά:Van Nostrand Reinhold environmental engineering series
Θέματα:
Ετικέτες: Προσθήκη ετικέτας
Δεν υπάρχουν, Καταχωρήστε ετικέτα πρώτοι!

MARC

LEADER 00000cam a2200000 i 4500
001 1/79292
008 941007s1979 eng d
020 |a 0-442-21705-6 
035 |l 10004770 
040 |a GR-MY-UA  |b gre  |e aacr 
041 0 |a eng 
082 0 |a 628.36 
100 1 |a Loehr, Raymond C. 
245 1 0 |a Land application of wastes /  |c Raymond C. Loehr...[et al.] 
260 |a New York :   |b Van Nostrand Reinhold ,   |c 1979 
300 |a 2 v. (781 p. in various pagings);  |c 26 cm 
490 1 |a Van Nostrand Reinhold environmental engineering series 
504 |a Includes bibliographical references and index 
650 0 0 |a Sewage disposal. 
830 0 |a Van Nostrand Reinhold environmental engineering series 
852 |a INST  |b LESVOS  |e 19941007  |h 628.36 LAN  |p 005100003577  |q 005100003577  |t BK  |y 0  |z v.1. 
852 |a INST  |b LESVOS  |e 19941007  |h 628.36 LAN  |p 005100003577  |q 005100003577  |t BK  |v v.1.:  |y 0  |z v.1. 
853 |a INST  |b LESVOS  |h 628.36 LAN 
909 |a Λ  |b 006261